Normal view
MARC view
- بالي، مرفت عزت ؛ تصدير عاطف العراقي
Entry Personal Name
001 - CONTROL NUMBER
- control field: 40702
003 - CONTROL NUMBER IDENTIFIER
- control field: JO-AjAnu
005 - DATE AND TIME OF LATEST TRANSACTION
- control field: 20230606080747.0
008 - FIXED-LENGTH DATA ELEMENTS
- fixed length control field: 230606|| aca||aabn | a|a d
040 ## - CATALOGING SOURCE
- Original cataloging agency: JO-AjAnu
- Transcribing agency: JO-AjAnu
100 ## - HEADING--PERSONAL NAME
- Personal name: بالي، مرفت عزت ؛ تصدير عاطف العراقي
670 ## - SOURCE DATA FOUND
- Source citation: Work cat.: (JO-AjAnu)20863: بالي، مرفت عزت ؛ تصدير عاطف العراقي, author, من قضايا الفكر الفلسفي والعلمي عند العرب : مذاهب وشخصيات